Métodos aproximados en la mecánica aplicada /
Guardado en:
| Autor Principal: | |
|---|---|
| Otros Autores: | , |
| Formato: | Libro |
| Idioma: | Spanish |
| Publicado: |
Bahía Blanca, Argentina :
Editorial Patagon,
1975.
|
| Etiquetas: |
Agregar Etiqueta
Sin Etiquetas, Sea el primero en etiquetar este registro!
|
| LEADER | 00629nam a22001695a 4500 | ||
|---|---|---|---|
| 001 | MAT.inmabb003143 | ||
| 008 | 051028s1975####ag#a#####b####000#0#spa#d | ||
| 005 | 20170428170731.0 | ||
| 245 | 1 | 0 | |a Métodos aproximados en la mecánica aplicada / |c Patricio A. A. Laura, Luis Diez, Carlos E. Gianetti. |
| 260 | |a Bahía Blanca, Argentina : |b Editorial Patagon, |c 1975. | ||
| 300 | |a 230 p. : |b il. ; |c 22 cm. | ||
| 504 | |a Incluye referencias bibliográficas. | ||
| 100 | 1 | |a Laura, Patricio A. A. | |
| 700 | 1 | |a Diez, Luis. | |
| 700 | 1 | |a Gianetti, Carlos E. | |
| 859 | |h 70 |i L377m |p A-4565 |b BIB. MATEMATICA | ||
| 859 | |h 70 |i L377m |p A-4566 |t Ej. 2 |b BIB. MATEMATICA | ||
